| 000 | 00533nam a22001577a 4500 | ||
|---|---|---|---|
| 003 | OSt | ||
| 082 |
_a631.587 _bBAL |
||
| 088 | _a578 | ||
| 100 |
_aBALAGA SUPRAJA _aNIDA FATHIMA _aPARVATHY C V _aSHAFNA PP _aSOORYA K _95492 |
||
| 245 | _aSPATIAL MAPPING OF WATER SUPPLY & DISTRIBUTION NETWORK OF KCAET CAMPUS USING TOTAL STATION SURVEY & GIS | ||
| 260 |
_aTAVANUR _bDEPARTMENT OF IRRIGATION AND DRAINAGE ENGINEERING _c2023 |
||
| 300 | _a52+VI | ||
| 700 | _aASHA JOSEPH (GUIDE) | ||
| 700 |
_aSHEEJA P S (Co-Guide) _95493 |
||
| 942 | _cPR | ||
| 999 |
_c17716 _d17716 |
||